[Event "4NCL Division 2a"]
[Site "Birmingham, ENG ENG"]
[Date "2016.02.13"]
[Round "5.211"]
[White "Pitcher, John"]
[Black "Asenov, Pavel"]
[Result "1-0"]
[WhiteElo "2230"]
[BlackElo "2260"]
[PlyCount "87"]
[EventDate "2016.02.13"]
[WhiteTeam "Warwickshire Select 1"]
[BlackTeam "Brown Jack Witney"]

1. e4 c5 2. Nc3 a6 3. f4 b5 4. d3 e6 5. Nf3 Bb7 6. Be2 d6 7. O-O Nf6 8. a4 b4
9. Nb1 Be7 10. Kh1 O-O 11. Be3 Nc6 12. Nbd2 d5 13. e5 Ng4 14. Bg1 f6 15. d4
fxe5 16. Nxe5 Nh6 17. dxc5 Nxe5 18. fxe5 Qc7 19. Nf3 Bxc5 20. Bxc5 Qxc5 21. Nd4
Rxf1+ 22. Bxf1 Qe7 23. Qh5 Rf8 24. Bd3 Rf4 25. c3 Rh4 26. Qe2 Ng4 27. h3 Qc7
28. Nxe6 Qxe5 29. Qxe5 Nxe5 30. Rf1 Nd7 31. Nd8 Nc5 32. Bf5 bxc3 33. Nxb7 g6
34. Nxc5 gxf5 35. bxc3 Rc4 36. Ne6 Rc6 37. Nd4 Rxc3 38. Rxf5 Rc4 39. Ne6 h6 40.
a5 Re4 41. Nc5 Re1+ 42. Kh2 Ra1 43. Nxa6 Rxa5 44. Nc7 1-0

[Event "4NCL Division 2a"]
[Site "Birmingham, ENG ENG"]
[Date "2016.02.13"]
[Round "5.212"]
[White "Whatley, Stephen A J"]
[Black "Mason, Donald J"]
[Result "0-1"]
[WhiteElo "2162"]
[BlackElo "2230"]
[PlyCount "56"]
[EventDate "2016.02.13"]
[WhiteTeam "Brown Jack Witney"]
[BlackTeam "Warwickshire Select 1"]

1. e4 e6 2. d4 d5 3. Nc3 Bb4 4. exd5 exd5 5. Bd3 c6 6. Qf3 Nf6 7. h3 O-O 8.
Nge2 c5 9. a3 Bxc3+ 10. bxc3 c4 11. Bf5 Bxf5 12. Qxf5 Re8 13. Qf3 Ne4 14. O-O
Nd7 15. Rb1 Nb6 16. Nf4 Qd7 17. Rb4 Na4 18. Nxd5 Qxd5 19. Rxa4 a5 20. Re1 b5
21. Bf4 bxa4 22. Be5 f6 23. Rxe4 fxe5 24. dxe5 Rad8 25. Qe3 Qd1+ 26. Kh2 Qxc2
27. e6 Qd3 28. Qf4 Qd6 0-1

[Event "4NCL Division 2a"]
[Site "Birmingham, ENG ENG"]
[Date "2016.02.13"]
[Round "5.213"]
[White "Stepanyan, Henrik"]
[Black "Martin, Lewis"]
[Result "1-0"]
[WhiteElo "2140"]
[BlackElo "2147"]
[PlyCount "63"]
[EventDate "2016.02.13"]
[WhiteTeam "Warwickshire Select 1"]
[BlackTeam "Brown Jack Witney"]

1. d4 Nf6 2. c4 g6 3. Nc3 d5 4. cxd5 Nxd5 5. Bd2 Bg7 6. e4 Nb6 7. Be3 O-O 8.
Be2 Nc6 9. Nf3 Bg4 10. d5 Bxf3 11. gxf3 Ne5 12. Qb3 Qd7 13. h3 f6 14. f4 Nf7
15. O-O-O Nd6 16. h4 Bh6 17. h5 g5 18. fxg5 fxg5 19. Rhg1 Nf7 20. Bg4 Qd6 21.
f4 a5 22. fxg5 Bg7 23. g6 Nh6 24. Be6+ Kh8 25. gxh7 a4 26. Qc2 a3 27. b3 Nd7
28. Rxg7 Kxg7 29. Rg1+ Kh8 30. Bxh6 Rf7 31. Qg2 Qc5 32. Qg8+ 1-0

[Event "4NCL Division 2a"]
[Site "Birmingham, ENG ENG"]
[Date "2016.02.13"]
[Round "5.214"]
[White "Girdlestone, Paul C"]
[Black "Cooper, David M"]
[Result "1/2-1/2"]
[WhiteElo "2132"]
[BlackElo "2068"]
[PlyCount "100"]
[EventDate "2016.02.13"]
[WhiteTeam "Brown Jack Witney"]
[BlackTeam "Warwickshire Select 1"]

1. d4 d5 2. c4 c6 3. Nf3 Nf6 4. g3 g6 5. Bg2 Bg7 6. O-O O-O 7. Nc3 Ne4 8. cxd5
Nxc3 9. bxc3 cxd5 10. Ba3 Nc6 11. Ne1 Na5 12. e4 Nc4 13. Bc1 Be6 14. Qe2 Re8
15. Nd3 dxe4 16. Nf4 Qc8 17. Nxe6 Qxe6 18. Rb1 Nd6 19. f3 e3 20. f4 Rac8 21. d5
Qd7 22. Qxe3 Rxc3 23. Qxa7 Rc4 24. Kh1 Rec8 25. Re1 Bd4 26. Qa3 Rc2 27. Qb3
R8c3 28. Qb4 Bc5 29. Qa5 Bf2 30. Rf1 Qc7 31. Qxc7 Rxc7 32. Rb2 Rxc1 33. Rbxf2
R7c2 34. Kg1 Rxf2 35. Kxf2 Rc2+ 36. Kf3 Rxa2 37. g4 Rd2 38. Re1 Kf8 39. Kg3 b5
40. Ra1 b4 41. Rb1 Rd3+ 42. Kf2 b3 43. Bf1 Ne4+ 44. Ke2 Rc3 45. Ra1 Rc5 46.
Ra8+ Kg7 47. Rb8 Nc3+ 48. Kf3 Nxd5 49. Rxb3 Rc1 50. Bd3 e6 1/2-1/2

[Event "4NCL Division 2a"]
[Site "Birmingham, ENG ENG"]
[Date "2016.02.13"]
[Round "5.215"]
[White "Paterson, Andrew I"]
[Black "Richmond, Jane"]
[Result "1/2-1/2"]
[WhiteElo "2095"]
[BlackElo "2155"]
[PlyCount "127"]
[EventDate "2016.02.13"]
[WhiteTeam "Warwickshire Select 1"]
[BlackTeam "Brown Jack Witney"]

1. c4 e5 2. Nc3 Nc6 3. g3 g6 4. Bg2 Bg7 5. Rb1 d6 6. b4 Bf5 7. d3 Qd7 8. b5 Nd8
9. e4 Be6 10. Nge2 f5 11. exf5 gxf5 12. Nd5 c6 13. bxc6 bxc6 14. Ne3 Ne7 15. d4
O-O 16. f4 Qc7 17. O-O Nf7 18. Ba3 Rfd8 19. d5 Bd7 20. fxe5 Nxe5 21. c5 Qa5 22.
Bb4 Qa6 23. cxd6 Nxd5 24. Nxd5 cxd5 25. Bxd5+ Kh8 26. Nd4 Nd3 27. Nxf5 Bxf5 28.
Rxf5 Qb6+ 29. Kg2 Nxb4 30. Bxa8 Rxa8 31. Qf3 Rd8 32. a3 Nc2 33. Rxb6 Ne1+ 34.
Kf2 Nxf3 35. Rb7 Nd4 36. Rff7 Ne6 37. Rfe7 Bd4+ 38. Kf3 Nf8 39. Ke4 Rxd6 40.
Rb8 Kg8 41. a4 Bg1 42. Kf3 Rd5 43. h4 Bc5 44. Re4 Rd3+ 45. Kg2 Rxg3+ 46. Kxg3
Bd6+ 47. Kf3 Bxb8 48. Re7 a5 49. h5 Bd6 50. Ra7 Bb4 51. Ke4 Ne6 52. Kf5 Ng7+
53. Kg5 Ne8 54. h6 Bd2+ 55. Kf5 Bxh6 56. Rxa5 Nd6+ 57. Kg4 Be3 58. Rd5 Nc4 59.
Kf3 Bb6 60. Rb5 Kg7 61. Kg2 Kf6 62. Kh1 Bd8 63. a5 Nxa5 64. Rxa5 1/2-1/2

[Event "4NCL Division 2a"]
[Site "Birmingham, ENG ENG"]
[Date "2016.02.13"]
[Round "5.216"]
[White "Onley, David E"]
[Black "Hynes, Anthony M"]
[Result "1-0"]
[WhiteElo "2152"]
[BlackElo "2134"]
[PlyCount "55"]
[EventDate "2016.02.13"]
[WhiteTeam "Brown Jack Witney"]
[BlackTeam "Warwickshire Select 1"]

1. e4 e5 2. Nf3 Nc6 3. d4 exd4 4. Nxd4 Nf6 5. Nc3 Bb4 6. Nxc6 bxc6 7. Bd3 d5 8.
exd5 cxd5 9. O-O O-O 10. Bg5 c6 11. Qf3 Be7 12. Rfe1 Rb8 13. Ne2 Rxb2 14. Nd4
Rb6 15. a4 a5 16. Bf5 c5 17. Bxc8 cxd4 18. Bf5 Ne4 19. Bxe7 Qxe7 20. Bxe4 dxe4
21. Rxe4 Qc5 22. Qd3 Rb4 23. h3 f5 24. Re6 Rc8 25. Rae1 Qxc2 26. Re8+ Kf7 27.
R1e7+ Kf6 28. Qg3 1-0

[Event "4NCL Division 2a"]
[Site "Birmingham, ENG ENG"]
[Date "2016.02.13"]
[Round "5.217"]
[White "Baruch, Andrew J D"]
[Black "Padilla Cabero, Pablo"]
[Result "1-0"]
[WhiteElo "2078"]
[BlackElo "2168"]
[PlyCount "69"]
[EventDate "2016.02.13"]
[WhiteTeam "Warwickshire Select 1"]
[BlackTeam "Brown Jack Witney"]

1. g3 d5 2. Bg2 Nf6 3. c4 c6 4. Nf3 Bf5 5. b3 Qc8 6. h3 Bxb1 7. Rxb1 e6 8. O-O
Na6 9. Bb2 Bd6 10. a3 Qc7 11. cxd5 cxd5 12. Rc1 Qb6 13. b4 O-O 14. Bd4 Qb5 15.
Qc2 Nb8 16. a4 Qxe2 17. Rfe1 Qc4 18. Qb2 Qxb4 19. Bxf6 gxf6 20. Qxf6 Be7 21.
Qh6 Nd7 22. Rc7 Nf6 23. Ng5 Rfc8 24. Rec1 Rxc7 25. Rxc7 Rf8 26. Bf1 e5 27. Bb5
a6 28. Bd7 Qb1+ 29. Kg2 Qg6 30. Qxg6+ hxg6 31. h4 Bb4 32. d3 b6 33. Bc8 Ne8 34.
Re7 Nd6 35. Bxa6 1-0

[Event "4NCL Division 2a"]
[Site "Birmingham, ENG ENG"]
[Date "2016.02.13"]
[Round "5.218"]
[White "Rabbitt, Michael"]
[Black "Parekh, Rajen M"]
[Result "1-0"]
[WhiteElo "2046"]
[BlackElo "1847"]
[PlyCount "71"]
[EventDate "2016.02.13"]
[WhiteTeam "Brown Jack Witney"]
[BlackTeam "Warwickshire Select 1"]

1. e4 e6 2. d4 d5 3. Nc3 Nf6 4. Bg5 Be7 5. e5 Nfd7 6. Be3 c5 7. Qg4 Nxe5 8.
dxe5 d4 9. Qxg7 Rf8 10. Bd2 dxc3 11. Bxc3 Nc6 12. Qxh7 Qc7 13. Nf3 Bd7 14.
O-O-O O-O-O 15. h4 Nb4 16. Kb1 Nd5 17. Bd2 c4 18. c3 Kb8 19. Qe4 Rc8 20. h5 b5
21. Ka1 Qa5 22. Rc1 Rc6 23. h6 Ra6 24. Qb1 f6 25. h7 Rh8 26. Be2 Be8 27. Bd1
Bg6 28. Bc2 Bxc2 29. Rxc2 fxe5 30. Nxe5 Bd6 31. Nf7 b4 32. cxb4 Bxb4 33. Nxh8
Bxd2 34. Ng6 Nc3 35. h8=Q+ Kc7 36. Rh7+ 1-0

[Event "4NCL Division 2a"]
[Site "Birmingham, ENG ENG"]
[Date "2016.02.13"]
[Round "5.221"]
[White "Snuverink, Jochem"]
[Black "Wall, Gavin"]
[Result "0-1"]
[WhiteElo "2403"]
[BlackElo "2329"]
[PlyCount "117"]
[EventDate "2016.02.13"]
[WhiteTeam "Kings Head"]
[BlackTeam "Guildford 3"]

1. e4 e5 2. Nf3 d6 3. d4 exd4 4. Nxd4 Nf6 5. Nc3 Be7 6. Bf4 O-O 7. Qd2 Nc6 8.
O-O-O Nxd4 9. Qxd4 Be6 10. f3 Nd7 11. Nd5 Bxd5 12. Qxd5 Bf6 13. Be3 Nb6 14. Qb3
Qe7 15. Kb1 Rfe8 16. Bd3 c5 17. Bc4 Nxc4 18. Qxc4 Rac8 19. Rd5 b5 20. Qe2 Rc6
21. Rhd1 a6 22. Qd2 Be5 23. Bf4 c4 24. c3 h6 25. a3 Qh4 26. Bxe5 dxe5 27. Rd6
Rxd6 28. Qxd6 Qxh2 29. Qxa6 Qxg2 30. Qxb5 Rc8 31. Qxe5 Qxf3 32. Rg1 g6 33. Ka2
Kh7 34. a4 Qf2 35. Rh1 Qb6 36. Qd5 Qa7 37. Kb1 Qf2 38. Ka2 Rc7 39. Qb5 Qe3 40.
Rd1 Qxe4 41. Rd4 Qe6 42. Rd8 Ra7 43. a5 Qa6 44. Qxa6 Rxa6 45. Rd5 h5 46. b4
cxb3+ 47. Kxb3 h4 48. Kb4 Kh6 49. Kb5 Ra8 50. Kb6 g5 51. Kb7 Re8 52. a6 h3 53.
Rd2 g4 54. Rh2 Kg5 55. a7 Kh4 56. Rf2 g3 57. Rxf7 g2 58. a8=Q Rxa8 59. Kxa8 0-1

[Event "4NCL Division 2a"]
[Site "Birmingham, ENG ENG"]
[Date "2016.02.13"]
[Round "5.222"]
[White "Povah, Nigel E"]
[Black "Tukpetov, Evgeny"]
[Result "0-1"]
[WhiteElo "2305"]
[BlackElo "2305"]
[PlyCount "46"]
[EventDate "2016.02.13"]
[WhiteTeam "Guildford 3"]
[BlackTeam "Kings Head"]

1. d4 d5 2. Bg5 Nc6 3. Nf3 Bg4 4. Nbd2 Nf6 5. Bxf6 gxf6 6. c4 e5 7. cxd5 Bxf3
8. dxc6 Bxc6 9. dxe5 fxe5 10. Qc2 Qd5 11. a3 O-O-O 12. e3 Qa5 13. Rc1 Rg8 14.
Rg1 Rg6 15. Bc4 Rgd6 16. Rd1 Ba4 17. b3 Be8 18. Ke2 b5 19. b4 Qxa3 20. Qf5+ Bd7
21. Qe4 Bc6 22. Qf5+ Kb8 23. Bxf7 Qb2 0-1

[Event "4NCL Division 2a"]
[Site "Birmingham, ENG ENG"]
[Date "2016.02.13"]
[Round "5.223"]
[White "Guthrie, David"]
[Black "Zhang, Anthony Y"]
[Result "1/2-1/2"]
[WhiteElo "2182"]
[BlackElo "2207"]
[PlyCount "41"]
[EventDate "2016.02.13"]
[WhiteTeam "Kings Head"]
[BlackTeam "Guildford 3"]

1. d4 d5 2. c4 c6 3. Nf3 Nf6 4. Qc2 g6 5. Bf4 Bf5 6. Qb3 Qb6 7. e3 Nbd7 8. h3
Bg7 9. c5 Qxb3 10. axb3 O-O 11. Nc3 Ne4 12. b4 a6 13. Be2 Rae8 14. O-O e5 15.
Nxe4 Bxe4 16. Nxe5 Nxe5 17. dxe5 Bxe5 18. Bxe5 Rxe5 19. Rfd1 Rfe8 20. Rd4 Kg7
21. Ra3 1/2-1/2

[Event "4NCL Division 2a"]
[Site "Birmingham, ENG ENG"]
[Date "2016.02.13"]
[Round "5.224"]
[White "Osborne, Marcus E"]
[Black "Lewis, Alex"]
[Result "0-1"]
[WhiteElo "2215"]
[BlackElo "2158"]
[PlyCount "130"]
[EventDate "2016.02.13"]
[WhiteTeam "Guildford 3"]
[BlackTeam "Kings Head"]

1. d4 Nf6 2. Nf3 g6 3. g3 Bg7 4. Bg2 O-O 5. O-O d6 6. c4 c5 7. dxc5 dxc5 8. Ne5
Qc7 9. Nd3 Nc6 10. Nc3 b6 11. Nd5 Qd7 12. Nxe7+ Qxe7 13. Bxc6 Bb7 14. Bxb7 Qxb7
15. Bf4 Rad8 16. Qc2 Rfe8 17. Rfe1 Ne4 18. f3 Nf6 19. Be5 Qd7 20. Rad1 Qf5 21.
Bxf6 Bxf6 22. Kg2 Re3 23. Rd2 Bg5 24. h4 Rxf3 25. Rdd1 Rf2+ 26. Nxf2 Qxc2 27.
hxg5 Rxd1 28. Rxd1 Qxb2 29. Rd8+ Kg7 30. Kf3 Qxa2 31. Ng4 Qa3+ 32. Kg2 Qc1 33.
e3 Qc2+ 34. Kh3 Qf5 35. Kh4 h6 36. gxh6+ Kh7 37. Rd5 g5+ 38. Kh3 Qf1+ 39. Kh2
Qe2+ 40. Kh3 Qf1+ 41. Kh2 Kg6 42. Rd6+ f6 43. e4 Qe2+ 44. Kh3 Kh5 45. Nxf6+
Kxh6 46. e5 Kg7 47. Ng4 Qf3 48. Rd7+ Kf8 49. Rd2 Qf1+ 50. Kh2 Qxc4 51. Nf6 Ke7
52. Kh3 Qe6+ 53. Ng4 c4 54. Rd6 Qc8 55. Rh6 c3 56. e6 c2 57. Ne3 c1=Q 58. Nf5+
Kd8 59. Rh8+ Kc7 60. Rxc8+ Kxc8 61. e7 Kd7 62. Kg4 a5 63. Kh5 a4 64. Kg6 Ke8
65. Kf6 Qc6+ 0-1

[Event "4NCL Division 2a"]
[Site "Birmingham, ENG ENG"]
[Date "2016.02.13"]
[Round "5.225"]
[White "Mackenzie, Colin"]
[Black "Golding, Alex"]
[Result "1/2-1/2"]
[WhiteElo "2046"]
[BlackElo "2155"]
[PlyCount "111"]
[EventDate "2016.02.13"]
[WhiteTeam "Kings Head"]
[BlackTeam "Guildford 3"]

1. c4 Nf6 2. g3 g6 3. Bg2 Bg7 4. Nc3 O-O 5. d3 d6 6. e4 c5 7. Nge2 Nc6 8. O-O
Ne8 9. Be3 Nc7 10. d4 cxd4 11. Nxd4 Nxd4 12. Bxd4 Bxd4 13. Qxd4 Ne6 14. Qe3 Bd7
15. Rfd1 Bc6 16. e5 Bxg2 17. Kxg2 Qa5 18. Nd5 dxe5 19. b4 Qd8 20. Qxe5 Re8 21.
h4 Qb8 22. Qc3 Nc7 23. Ne3 Qc8 24. h5 Qe6 25. hxg6 fxg6 26. Rd4 Qc6+ 27. Nd5
Nxd5 28. Rxd5 e6 29. b5 Qc7 30. Re5 Rac8 31. c5 a6 32. a4 Ra8 33. Rae1 axb5 34.
axb5 Qf7 35. Qe3 Ra2 36. Re2 Rxe2 37. Qxe2 Qd7 38. Qc4 Kf7 39. c6 bxc6 40. bxc6
Qd6 41. Rb5 Rc8 42. Rc5 Rc7 43. Qb5 e5 44. Qb3+ Ke7 45. Qc3 Ke6 46. Qc4+ Kf6
47. Qc3 Ke6 48. Qb3+ Kf6 49. Rc3 Rxc6 50. Rf3+ Kg7 51. Qf7+ Kh6 52. g4 Rc7 53.
g5+ Kxg5 54. Rg3+ Kh6 55. Rh3+ Kg5 56. Rg3+ 1/2-1/2

[Event "4NCL Division 2a"]
[Site "Birmingham, ENG ENG"]
[Date "2016.02.13"]
[Round "5.226"]
[White "Punnett, Alan K"]
[Black "Davey, Mark"]
[Result "1/2-1/2"]
[WhiteElo "2125"]
[BlackElo "2043"]
[PlyCount "86"]
[EventDate "2016.02.13"]
[WhiteTeam "Guildford 3"]
[BlackTeam "Kings Head"]

1. e4 e5 2. Nf3 Nc6 3. d4 exd4 4. Nxd4 Bc5 5. Nb3 Bb6 6. Nc3 Nf6 7. a4 a6 8. a5
Ba7 9. Qe2 d6 10. Be3 Bxe3 11. Qxe3 Be6 12. Nd5 O-O 13. O-O-O Re8 14. Qf4 Bxd5
15. exd5 Re4 16. Qd2 Ne7 17. Bd3 Re5 18. c4 Ng6 19. f4 Re8 20. Nd4 Ne4 21. Bxe4
Rxe4 22. g3 Qe7 23. Qd3 Re8 24. Ne6 f5 25. Rhe1 Nf8 26. Rxe4 fxe4 27. Qxe4 Nxe6
28. Re1 Qf6 29. dxe6 c6 30. Re2 g6 31. g4 d5 32. cxd5 cxd5 33. Qe5 Kg7 34. Kd2
Re7 35. Kd3 h6 36. Kd4 Rxe6 37. Qxf6+ Kxf6 38. Rf2 Re4+ 39. Kxd5 Ra4 40. Rc2
Rxa5+ 41. Rc5 Ra4 42. Rc4 Ra5+ 43. Rc5 Ra4 1/2-1/2

[Event "4NCL Division 2a"]
[Site "Birmingham, ENG ENG"]
[Date "2016.02.13"]
[Round "5.227"]
[White "Disu, Kayode"]
[Black "Shepley, Julien M"]
[Result "0-1"]
[WhiteElo "1950"]
[BlackElo "2042"]
[PlyCount "176"]
[EventDate "2016.02.13"]
[WhiteTeam "Kings Head"]
[BlackTeam "Guildford 3"]

1. e4 d5 2. exd5 Qxd5 3. Nc3 Qd6 4. d4 Nf6 5. h3 g6 6. Nf3 Bg7 7. Bg5 c6 8. Qd2
Nbd7 9. Be2 Qb4 10. a3 Qxb2 11. O-O Qb6 12. Na4 Qd8 13. Bd3 h6 14. Bf4 Nd5 15.
Bh2 O-O 16. c4 Nc7 17. Rae1 Nf6 18. Bf4 Kh7 19. Nc3 Ne6 20. Be5 Qa5 21. Qb2 Qb6
22. Qa2 Nd7 23. Bxg7 Kxg7 24. d5 Nf4 25. Bc2 cxd5 26. Nxd5 Nxd5 27. cxd5 Qd6
28. Re3 Nf6 29. Bb3 Bd7 30. Rfe1 Rfe8 31. Ne5 b5 32. Nxd7 Nxd7 33. Qb2+ Nf6 34.
Ba2 a6 35. Rc1 Rac8 36. Rec3 Rxc3 37. Qxc3 Rd8 38. Qb2 Qf4 39. Rc6 e5 40. Rxa6
Nxd5 41. Ra7 Qd4 42. Qxd4 exd4 43. Bxd5 Rxd5 44. Kf1 Kf6 45. Ke2 Rc5 46. Kd2
Rc4 47. Rb7 Ra4 48. Rxb5 Rxa3 49. Rd5 Ra2+ 50. Ke1 Ra4 51. Ke2 Ke6 52. Rd8 Ra2+
53. Kf3 Ke5 54. g3 Ra3+ 55. Ke2 h5 56. h4 Ra2+ 57. Kf3 Rd2 58. Rd7 f6 59. Re7+
Kf5 60. Rd7 g5 61. hxg5 fxg5 62. Rd5+ Kf6 63. Rd8 Ke6 64. Rh8 g4+ 65. Ke4 Rxf2
66. Rh6+ Kf7 67. Rxh5 Rf3 68. Kxd4 Rxg3 69. Ke4 Kg6 70. Ra5 Rf3 71. Rb5 Rf2 72.
Ke3 g3 73. Rb8 Kg5 74. Rg8+ Kh4 75. Rh8+ Kg4 76. Rg8+ Kh3 77. Rh8+ Kg2 78. Rg8
Kh2 79. Rg7 Rf1 80. Rh7+ Kg1 81. Rg7 g2 82. Ke2 Rf2+ 83. Ke1 Rf5 84. Rh7 Re5+
85. Kd2 Kf2 86. Rf7+ Kg3 87. Rg7+ Kf3 88. Rf7+ Kg4 0-1

[Event "4NCL Division 2a"]
[Site "Birmingham, ENG ENG"]
[Date "2016.02.13"]
[Round "5.228"]
[White "Stimpson, Philip M"]
[Black "Onslow, Alfie"]
[Result "1-0"]
[WhiteElo "1975"]
[BlackElo "1689"]
[PlyCount "93"]
[EventDate "2016.02.13"]
[WhiteTeam "Guildford 3"]
[BlackTeam "Kings Head"]

1. e4 c5 2. Nc3 Nc6 3. f4 g6 4. Nf3 Bg7 5. Bb5 Nd4 6. O-O Nxb5 7. Nxb5 d5 8.
exd5 a6 9. Nc3 Nf6 10. d4 c4 11. Qe2 b5 12. a4 b4 13. Nd1 a5 14. Ne5 Nxd5 15.
Qxc4 Bxe5 16. fxe5 O-O 17. Bh6 Ba6 18. Qb3 Bxf1 19. Kxf1 Re8 20. Nf2 Nb6 21.
Rd1 Qd7 22. Qf3 Qd5 23. Ne4 Nd7 24. b3 f5 25. Ng5 Qxf3+ 26. Nxf3 Rac8 27. Rd2
Nb6 28. d5 Red8 29. d6 exd6 30. Bg5 d5 31. Bxd8 Rxd8 32. Nd4 Rc8 33. Ke2 Kf7
34. Ke3 Ke7 35. Kf4 h6 36. h4 Rc3 37. Rd3 Rxd3 38. cxd3 Kd7 39. h5 gxh5 40.
Kxf5 Nc8 41. Kg6 Ne7+ 42. Kg7 Nc8 43. e6+ Kd6 44. Kf6 Kc7 45. Nf5 Nb6 46. Kg7
Nxa4 47. e7 1-0

[Event "4NCL Division 2a"]
[Site "Birmingham, ENG ENG"]
[Date "2016.02.13"]
[Round "5.231"]
[White "Coleman, David J"]
[Black "Ross, Chris N"]
[Result "1/2-1/2"]
[WhiteElo "2161"]
[BlackElo "2206"]
[PlyCount "119"]
[EventDate "2016.02.13"]
[WhiteTeam "Barbican 4NCL Youth"]
[BlackTeam "MK Phoenix 1"]

1. e4 c5 2. Nf3 e6 3. d4 cxd4 4. Nxd4 Nc6 5. Nb5 d6 6. c4 Nf6 7. N1c3 a6 8. Na3
Be7 9. Be2 O-O 10. O-O b6 11. Be3 Ne5 12. f3 Bb7 13. Qd4 Ned7 14. Nc2 Qc7 15.
Rfc1 Rab8 16. Rab1 Rfc8 17. Qd2 Ne5 18. Na3 Qd8 19. Qe1 Ned7 20. Nc2 Qf8 21.
Qf2 Ba8 22. Kh1 h6 23. Nd4 Rc7 24. Nb3 Qc8 25. Qg1 Bf8 26. Nd2 Bc6 27. Qf1 Ra8
28. a3 Raa7 29. b4 Qa8 30. Qf2 Qb8 31. a4 Ra8 32. h3 Rc8 33. f4 d5 34. e5 Ne4
35. Ndxe4 dxe4 36. Bd4 Be7 37. Bd1 f5 38. exf6 Bxf6 39. Be3 Qd6 40. Bg4 Bb7 41.
Ne2 b5 42. axb5 axb5 43. c5 Qe7 44. Nd4 Bxd4 45. Bxd4 Nf6 46. Qh4 Bd5 47. Ra1
Qf7 48. Be2 Bc6 49. Bxf6 Qxf6 50. Qxf6 gxf6 51. Kg1 Kf7 52. Kf2 f5 53. Ke3 Rd8
54. Rd1 Rxd1 55. Rxa8 Bxa8 56. Bxd1 Kf6 57. Kd4 Bd5 58. Be2 Bc6 59. g3 Bd7 60.
Bf1 1/2-1/2

[Event "4NCL Division 2a"]
[Site "Birmingham, ENG ENG"]
[Date "2016.02.13"]
[Round "5.232"]
[White "Fraser-Mitchell, Jeremy N"]
[Black "Lauterbach, Ingrid"]
[Result "0-1"]
[WhiteElo "2071"]
[BlackElo "2085"]
[PlyCount "88"]
[EventDate "2016.02.13"]
[WhiteTeam "MK Phoenix 1"]
[BlackTeam "Barbican 4NCL Youth"]

1. f4 g6 2. e4 Bg7 3. Nf3 d6 4. Nc3 c6 5. Bc4 b5 6. Bb3 a5 7. a4 b4 8. Nb1 Na6
9. d3 Nc5 10. Bc4 e6 11. O-O Ne7 12. Nbd2 d5 13. Bb3 O-O 14. Qe2 Ba6 15. e5 h5
16. g3 Nd7 17. h3 Nf5 18. Kh2 c5 19. Qf2 Rc8 20. Rg1 c4 21. dxc4 dxc4 22. Ba2
Qb6 23. Qxb6 Nxb6 24. Ne4 Bb7 25. Nfg5 Nxa4 26. Bb1 Nc5 27. Nxc5 Rxc5 28. g4
hxg4 29. hxg4 Ne7 30. Be3 Rb5 31. Ba2 Rc8 32. Rad1 Bd5 33. c3 Rcb8 34. Bb1 bxc3
35. bxc3 Rb2+ 36. Kg3 a4 37. Be4 R8b5 38. Bd4 a3 39. Ra1 a2 40. Rg2 Rxg2+ 41.
Bxg2 Bxg2 42. Kxg2 Rb2+ 43. Kf3 Nc6 44. Bc5 Bf8 0-1

[Event "4NCL Division 2a"]
[Site "Birmingham, ENG ENG"]
[Date "2016.02.13"]
[Round "5.233"]
[White "Stewart, Ashley"]
[Black "Brown, Alan M"]
[Result "1-0"]
[WhiteElo "2068"]
[BlackElo "2065"]
[PlyCount "103"]
[EventDate "2016.02.13"]
[WhiteTeam "Barbican 4NCL Youth"]
[BlackTeam "MK Phoenix 1"]

1. c4 e5 2. g3 Nf6 3. Bg2 d5 4. cxd5 Nxd5 5. Nc3 Nb6 6. Nf3 Nc6 7. d3 Be7 8.
O-O Be6 9. Be3 Qd7 10. Re1 Nd5 11. Nxd5 Bxd5 12. Qa4 Rd8 13. Rac1 O-O 14. a3 a6
15. Bc5 Rfe8 16. Bxe7 Rxe7 17. Nd2 Bxg2 18. Kxg2 Qd5+ 19. Qe4 Qe6 20. Qc4 Qxc4
21. Rxc4 Rd4 22. Rc5 Rdd7 23. g4 f6 24. Ne4 Nd4 25. b4 Ne6 26. Rc4 Kf7 27. h4
Rd4 28. Rec1 Rxc4 29. Rxc4 Rd7 30. Kf3 Rd4 31. Rc3 Ke7 32. e3 Rd8 33. Ke2 Rd5
34. Rc1 Rd8 35. a4 Kd7 36. h5 Rf8 37. Ng3 g6 38. hxg6 hxg6 39. Rh1 f5 40. Rh6
f4 41. Ne4 fxe3 42. fxe3 g5 43. Rh7+ Kd8 44. Ng3 Ke8 45. Nf5 Rf7 46. Rh8+ Rf8
47. Rh6 Kd7 48. Rh7+ Kd8 49. Kf3 b5 50. axb5 axb5 51. Ke4 Re8 52. Kd5 1-0

[Event "4NCL Division 2a"]
[Site "Birmingham, ENG ENG"]
[Date "2016.02.13"]
[Round "5.234"]
[White "Habershon, Paul F"]
[Black "Klingher, Dominic"]
[Result "1-0"]
[WhiteElo "2035"]
[BlackElo "2020"]
[PlyCount "49"]
[EventDate "2016.02.13"]
[WhiteTeam "MK Phoenix 1"]
[BlackTeam "Barbican 4NCL Youth"]

1. e4 e6 2. d4 d5 3. Nc3 Nf6 4. Bg5 dxe4 5. Nxe4 Nbd7 6. Nf3 Be7 7. Bxf6 gxf6
8. Bd3 b6 9. Qe2 f5 10. Ned2 Bb7 11. O-O-O Nf6 12. c3 Nd5 13. g3 c6 14. Rhe1 a5
15. Ne5 O-O 16. g4 a4 17. gxf5 a3 18. Qg4+ Kh8 19. Rg1 axb2+ 20. Kc2 Bf6 21.
fxe6 Qe7 22. Qh5 b1=Q+ 23. Rxb1 Rxa2+ 24. Rb2 Nb4+ 25. cxb4 1-0

[Event "4NCL Division 2a"]
[Site "Birmingham, ENG ENG"]
[Date "2016.02.13"]
[Round "5.235"]
[White "Keen, Cosima"]
[Black "Freeman, Richard C P"]
[Result "1/2-1/2"]
[WhiteElo "1932"]
[BlackElo "2018"]
[PlyCount "56"]
[EventDate "2016.02.13"]
[WhiteTeam "Barbican 4NCL Youth"]
[BlackTeam "MK Phoenix 1"]

1. e4 c5 2. Nf3 g6 3. d4 cxd4 4. Qxd4 Nf6 5. Nc3 Nc6 6. Qa4 Bg7 7. e5 Ng8 8.
Bf4 f6 9. exf6 Nxf6 10. Bc4 d6 11. O-O Bd7 12. Qa3 Qa5 13. Qxa5 Nxa5 14. Bb5
Bxb5 15. Nxb5 Nd5 16. Bg3 O-O 17. Rad1 Nf4 18. Rfe1 Nc6 19. c3 a6 20. Nbd4 Nxd4
21. Nxd4 e5 22. Nf3 Rad8 23. Bxf4 exf4 24. Ng5 Rf6 25. Ne6 Re8 26. Nxg7 Rxe1+
27. Rxe1 Kxg7 28. Re4 g5 1/2-1/2

[Event "4NCL Division 2a"]
[Site "Birmingham, ENG ENG"]
[Date "2016.02.13"]
[Round "5.236"]
[White "Smith, Graham"]
[Black "Wei, Naomi"]
[Result "1-0"]
[WhiteElo "2015"]
[BlackElo "1765"]
[PlyCount "81"]
[EventDate "2016.02.13"]
[WhiteTeam "MK Phoenix 1"]
[BlackTeam "Barbican 4NCL Youth"]

1. Nf3 e6 2. g3 Nf6 3. Bg2 d5 4. O-O Be7 5. c4 O-O 6. d4 Nbd7 7. Qc2 c6 8. Rd1
b6 9. Nbd2 Bb7 10. e4 dxe4 11. Ng5 Qc7 12. Ndxe4 Nxe4 13. Bxe4 g6 14. Bf4 Qd8
15. h4 Nf6 16. Bg2 Qd7 17. c5 Nd5 18. Bd2 Rfd8 19. Rac1 Rac8 20. Nf3 Qc7 21. b4
Ba6 22. Re1 bxc5 23. bxc5 Bb5 24. Ne5 Bf6 25. Bg5 Qe7 26. Qd2 h5 27. Bh3 Bxg5
28. hxg5 Nc7 29. Re4 Kg7 30. Rf4 Rf8 31. Rf3 Nd5 32. Re1 Rc7 33. Kg2 Qe8 34.
Qc2 Qd8 35. Rxf7+ Rfxf7 36. Qxg6+ Kf8 37. Qh6+ Rg7 38. Ng6+ Ke8 39. Qh8+ Kf7
40. Bxe6+ Kxg6 41. Qh6# 1-0

[Event "4NCL Division 2a"]
[Site "Birmingham, ENG ENG"]
[Date "2016.02.13"]
[Round "5.237"]
[White "Sarkans, Elivjs"]
[Black "Lambourne, Dan M"]
[Result "1/2-1/2"]
[WhiteElo "1825"]
[BlackElo "1991"]
[PlyCount "96"]
[EventDate "2016.02.13"]
[WhiteTeam "Barbican 4NCL Youth"]
[BlackTeam "MK Phoenix 1"]

1. e4 d6 2. d4 Nf6 3. Bd3 g6 4. c4 Bg7 5. Nc3 c6 6. Nf3 Qc7 7. O-O O-O 8. h3 e5
9. Be3 Nbd7 10. Qd2 exd4 11. Nxd4 Nc5 12. b4 Ne6 13. Rac1 Nd7 14. Nf3 Ne5 15.
Be2 b6 16. Rfd1 Rd8 17. Nd4 Nxd4 18. Bxd4 Be6 19. Na4 Qe7 20. f4 f6 21. Be3 Nf7
22. Bf3 Rac8 23. Qe2 Re8 24. Nc3 f5 25. Bd4 fxe4 26. Nxe4 Bxd4+ 27. Rxd4 d5 28.
cxd5 Bxd5 29. Nc3 Qf6 30. Qd2 Bxf3 31. gxf3 c5 32. bxc5 Rxc5 33. Rd1 Rf5 34.
Nd5 Qg7 35. Re4 Rd8 36. Qe2 Kf8 37. Nc7 Rxd1+ 38. Qxd1 Qc3 39. Ne6+ Kg8 40. Qd7
h6 41. Qe8+ Kh7 42. Nf8+ Kg7 43. Re7 Qc1+ 44. Kg2 Qd2+ 45. Kf1 Qd1+ 46. Kg2
Qd2+ 47. Kf1 Qd3+ 48. Kg2 Qd2+ 1/2-1/2

[Event "4NCL Division 2a"]
[Site "Birmingham, ENG ENG"]
[Date "2016.02.13"]
[Round "5.238"]
[White "Miller, Max C"]
[Black "Golding, William"]
[Result "1/2-1/2"]
[WhiteElo "1420"]
[BlackElo "1622"]
[PlyCount "54"]
[EventDate "2016.02.13"]
[WhiteTeam "MK Phoenix 1"]
[BlackTeam "Barbican 4NCL Youth"]

1. d4 Nf6 2. Nf3 e6 3. e3 d5 4. Bd3 c5 5. b3 Nc6 6. Bb2 Be7 7. Nbd2 O-O 8. O-O
Qc7 9. Ne5 cxd4 10. exd4 Bd6 11. f4 Nb4 12. Rf3 Nh5 13. Rh3 Nxf4 14. Bxh7+ Kh8
15. Bg6+ Nxh3+ 16. gxh3 fxg6 17. Nxg6+ Kg8 18. Nxf8 Bxh2+ 19. Kh1 Kxf8 20. Ba3
a5 21. Qf3+ Kg8 22. c4 dxc4 23. Nxc4 Qb8 24. Rf1 Bd7 25. Qf7+ Kh8 26. Qh5+ Kg8
27. Qf7+ Kh8 1/2-1/2